00576 a2200181 4500003000500000005001700005040000900022082001200031100003100043245006000074260003900134300001000173600002900183650001600212942001200228999001900240952013500259Nust20230619082402.0 cNust a954,SAG aSagar ,Tariq Ismail967184 aRAW :bResearch and Analysis Wing /cTariq Ismail Sagar aGHQ, RwpbServices Book Clubc1998 a240 p aTariq ismail Sagar99439 aRaw9113146 2ddccBK c179215d179215 00102ddc4070aMCSbMCScGENd2016-12-12l1o954,SAGpMCS3635r2023-06-19s2023-05-02w2016-12-12yBKzAlmirah No.61, Shelf No.4